Catálogo público

The citrus blackfly situation in Mexico / (Record no. 206179)

MARC details
000 -CABECERA
campo de control de longitud fija 00746nam a2200265Ia 4500
001 - NÚMERO DE CONTROL
campo de control Para_7291
003 - IDENTIFICADOR DEL NÚMERO DE CONTROL
campo de control CHAP
008 - DATOS DE LONGITUD FIJA--INFORMACIÓN GENERAL
campo de control de longitud fija 220125s9999 xx 000 0 und d
010 ## - NÚMERO DE CONTROL DE LA BIBLIOTECA DEL CONGRESO
Número de control de LC 206179
040 ## - FUENTE DE LA CATALOGACIÓN
Centro/agencia transcriptor CHAP
090 ## - LOCALMENTE ASIGNADO TIPO-LC NÚMERO DE CLASIFICACIÓN (OCLC); NÚMERO DE CLASIFICACIÓN LOCAL (RLIN)
Número de clasificación (OCLC) (R) ; Numero de clasificación, CALL (RLIN) (NR) PA R-57
100 ## - ENTRADA PRINCIPAL--NOMBRE DE PERSONA
Nombre de persona Cooper, J.F.
9 (RLIN) 172395
245 ## - MENCIÓN DE TÍTULO
Título The citrus blackfly situation in Mexico /
Mención de responsabilidad, etc. J.F. Cooper, C.C. Plummer, J.G. Shaw
300 ## - DESCRIPCIÓN FÍSICA
Extensión pp. 767-773
500 ## - NOTA GENERAL
Nota general Sobretiro de: Journal of economic entomology, 43(6): 767-773,1950
650 ## - PUNTO DE ACCESO ADICIONAL DE MATERIA--TÉRMINO DE MATERIA
Término de materia o nombre geográfico como elemento de entrada Aleurocanthus woglumi
9 (RLIN) 3802
650 ## - PUNTO DE ACCESO ADICIONAL DE MATERIA--TÉRMINO DE MATERIA
Término de materia o nombre geográfico como elemento de entrada Cítricos
Subdivisión general México
9 (RLIN) 24454
901 ## - ELEMENTOS DE DATOS A LOCAL LDA (RLIN)
a PA R-57
902 ## - ELEMENTOS DE DATOS B LOCAL, LDB (RLIN)
a A
905 ## - ELEMENTOS DE DATOS E LOCAL, LDE (RLIN)
a 000000 0000000000 00
910 ## - DATOS DE OPCIÓN DEL USUARIO (OCLC)
Datos de opción del usuario
942 ## - ELEMENTOS DE PUNTO DE ACCESO ADICIONAL (KOHA)
Tipo de ítem Koha Parasitologia_
942 ## - ELEMENTOS DE PUNTO DE ACCESO ADICIONAL (KOHA)
Tipo de ítem Koha Parasitologia_
-- 1
Holdings
Estado de retiro Estado de pérdida Fuente del sistema de clasificación o colocación Estado dañado Restricciones de uso No para préstamo Código de colección Localización permanente Ubicación/localización actual Ubicación en estantería Fecha de adquisición Información codificada de la localización en otra ubicación Total de préstamos Código de barras Fecha visto por última vez Precio válido a partir de Tipo de ítem Koha Nota pública
    Clasificación Universidad Autónoma de Chapingo   Préstamo interno   Reimpresos Parasitologia Agricola Parasitologia Agricola   27/10/2005 PARA   PA_5163 25/01/2022 25/01/2022 Reimpreso 3